[Event "ECC"]
[Site "Panormo GRE"]
[Date "2001.09.25"]
[Round "3"]
[White "Knaak,R"]
[Black "Kindermann,S"]
[Result "0-1"]
[WhiteElo "2494"]
[BlackElo "2520"]

1.d4 d5 2.c4 c6 3.Nf3 Nf6 4.Nc3 a6 5.a4 e6 6.Bg5 Nbd7 7.cxd5 exd5 8.e3 a5
9.Bd3 Be7 10.O-O O-O 11.h3 Re8 12.Bf4 Nf8 13.Bh2 Bd6 14.Ne5 Qe7 15.f4 Ne4
16.Bxe4 dxe4 17.f5 Bxe5 18.dxe5 Qg5 19.h4 Qxh4 20.f6 Ng6 21.Qd4 Be6 22.Nxe4 Red8
23.Nd6 Qxd4 24.exd4 Rd7 25.fxg7 Ra6 26.Bf4 Nxf4 27.Rxf4 Rb6 28.Ra3 Kxg7 29.Rg3+ Kf8
30.Rh4 Rxb2 31.Rxh7 Ke7 32.Rh8 Rxd6 33.exd6+ Kxd6 34.Rd8+ Kc7 35.Ra8 Kb6
36.Rg5 Bd5 37.Rh8 Rb4 38.Rh6 Rxd4 39.Kf2 Kc7 40.Rf6 Rxa4 41.Ke3 Rb4 42.Kd3 a4
43.Kc3 Rc4+ 44.Kb2 b5 45.Ka3 Rd4  0-1

[Event "ECC"]
[Site "Panormo GRE"]
[Date "2001.09.26"]
[Round "4"]
[White "Filippov,V"]
[Black "Mastrovasilis,D"]
[Result "1/2-1/2"]
[WhiteElo "2617"]
[BlackElo "2435"]

1.Nf3 Nf6 2.c4 c6 3.d4 d5 4.Nc3 a6 5.Bg5 Ne4 6.h4 h6 7.Bf4 Nxc3 8.bxc3 dxc4
9.g3 Nd7 10.Bg2 b5 11.O-O Bb7 12.Ne5 e6 13.Nxc6 Qb6 14.Ne5 Nxe5 15.Bxe5 f6
16.Bf4 Bxg2 17.Kxg2 Qb7+ 18.f3 g5 19.hxg5 hxg5 20.Bd2 Ba3 21.Rh1 O-O-O 22.Qc2 Rdg8
23.Rag1 g4 24.Rxh8 Rxh8 25.Qg6 gxf3+ 26.exf3 Qh7 27.Qxf6 Kd7 28.Re1 Qh3+
29.Kf2 Qh2+ 30.Kf1 Re8 31.Bg5 Qh3+ 32.Kf2 Qh2+ 33.Kf1 Qh3+ 34.Ke2 Qh2+ 35.Kd1 Qh7
36.Re4 Qh1+ 37.Kc2 Qa1 38.d5 Qxa2+ 39.Kd1 Qb1+ 40.Ke2 Qd3+ 41.Ke1 Bc5 42.dxe6+ Kc8
43.e7 Qb1+ 44.Ke2 Qd3+  1/2-1/2

[Event "ECC"]
[Site "Panormo GRE"]
[Date "2001.09.29"]
[Round "7"]
[White "Harestad,H"]
[Black "Buckley,S"]
[Result "1-0"]
[WhiteElo "2196"]
[BlackElo "2268"]

1.d4 d5 2.c4 c6 3.Nf3 Nf6 4.Nc3 a6 5.e3 b5 6.b3 Bg4 7.Be2 e6 8.O-O Nbd7 9.Ne5 Bxe2
10.Qxe2 Nxe5 11.dxe5 Nd7 12.Bb2 Bc5 13.Rad1 Qb8 14.cxd5 cxd5 15.Qg4 Qxe5
16.Na4 h5 17.Qxg7 Qxg7 18.Bxg7 Rg8 19.Nxc5 Rxg7 20.Nd3 Ke7 21.Rc1 Rgg8 22.Rc6 Rgc8
23.Rfc1 Rxc6 24.Rxc6 Ra7 25.f3 a5 26.Kf2 h4 27.e4 Nf6 28.e5 Ne8 29.Ke3 Kd7
30.Rc5 b4 31.Kf4 a4 32.Nxb4 axb3 33.axb3 Rb7 34.Nd3 Ke7 35.b4 Nc7 36.Kg5 Na6
37.Rc2 Rb8 38.Kxh4 Nxb4 39.Nxb4 Rxb4+ 40.Kg5 Kf8 41.h4 Kg7 42.h5 Rb7 43.g4 Rd7
44.Rc3 Rb7 45.f4 Rd7 46.h6+ Kh7 47.Kf6 Rb7 48.f5 d4 49.Rd3 Ra7 50.fxe6 fxe6
51.g5 Ra1 52.g6+ Kh8 53.Rxd4 Ra8 54.Rd7 Rb8 55.Kg5 Rc8 56.h7  1-0

[Event "Chigorin Mem Open"]
[Site "St Petersburg RUS"]
[Date "2001.10.01"]
[Round "7"]
[White "Kiselev,Ar"]
[Black "Zimina,O"]
[Result "1/2-1/2"]
[WhiteElo "2225"]
[BlackElo "2326"]

1.d4 d5 2.c4 c6 3.Nf3 Nf6 4.Nc3 a6 5.e3 b5 6.b3 Bg4 7.Be2 Nbd7 8.O-O e6 9.Bb2 Bd6
10.h3 Bh5 11.Ne5 Bxe2 12.Nxe2 Qc7 13.cxd5 cxd5 14.f4 O-O 15.g4 Rac8 16.Rc1 Qb8
17.Ng3 Rxc1 18.Bxc1 Qc7 19.g5 Ne4 20.Nxe4 dxe4 21.Rf2 Rc8 22.Bb2 Nb6 23.Qb1 Qb7
24.Ng4 Qc6 25.h4 a5 26.h5 Qd5 27.Rg2 a4 28.h6 a3 29.Ba1 Bf8 30.hxg7 Bxg7
31.Qe1 Kh8 32.Bc3 Qc6 33.Bb4 Qc1 34.Qxc1 Rxc1+ 35.Kh2 Nd5 36.Bxa3 Rc3 37.Bb2 Rc8
38.Re2 b4 39.Nf2 Ra8 40.Nd1 Rxa2 41.Rg2 Kg8 42.Kg3 Bf8 43.Rd2 Kg7 44.Bc1 Rxd2
45.Bxd2 Kg6 46.Kg4 Be7 47.Be1 f6 48.gxf6 Bxf6 49.Bd2 h5+ 50.Kh3 Be7 51.Be1 Kf5
52.Bd2 Bd6 53.Kg3 Ne7 54.Nb2 Nd5 55.Nd1 Kg6 56.Kh3 Bc7 57.Kg3 Ba5 58.Nb2 Nc3
59.Nc4 Bc7 60.Bxc3 bxc3 61.Na3 Bd8 62.Nc2 Kf5 63.Nb4 Be7 64.Nc2 Bd6 65.Kh3 Be7
66.Kg3 Kg6 67.Kh3 Kf7 68.Kg3 Kg6 69.Kh3 Kf5 70.Kg3 Bd8 71.Na3 Bf6 72.Nc2 Be7
73.Kh3 h4 74.Ne1 Kg6 75.Kg4 Kf7 76.Nc2 Ke8 77.Kh3 Kd7 78.Kg4 Kc6 79.Kh3 Kb5
80.Kg4 Ka5  1/2-1/2

[Event "ch-SLO"]
[Site "Grize SLO"]
[Date "2001.10.03"]
[Round "3"]
[White "Sitnik,I"]
[Black "Sirnik,B"]
[Result "1-0"]
[WhiteElo "2294"]
[BlackElo "2156"]

1.d4 d5 2.c4 c6 3.Nf3 Nf6 4.Nc3 a6 5.c5 Bf5 6.Bf4 Nbd7 7.e3 e6 8.Be2 Ne4
9.O-O Be7 10.Rc1 O-O 11.b4 Re8 12.a4 b5 13.Nxe4 Bxe4 14.Nd2 Bg6 15.axb5 axb5
16.Ra1 Bf6 17.Nb3 h6 18.Qd2 e5 19.Bg3 Qe7 20.Bg4 Nf8 21.dxe5 Bxe5 22.Bxe5 Qxe5
23.Nd4 Qf6 24.Ra2 h5 25.Bh3 Rxa2 26.Qxa2 Bd3 27.Ra1 Ng6 28.Qd2 Ne5 29.f4 Nc4
30.Qxd3 Nxe3 31.Re1 Re4 32.Rxe3 Qxd4 33.Qxd4 Rxd4 34.Bd7 Rxb4 35.Bxc6 d4
36.Re8+ Kh7 37.Be4+ g6 38.c6 Rc4 39.Re7 Kg7 40.Rb7 b4 41.Bd5 Rc2 42.Rxf7+ Kh6
43.Rd7 d3 44.Be4 b3 45.Rxd3 b2 46.Rb3 Rc4 47.Rxb2 Rxe4 48.Rc2 Re8 49.c7 Rc8
50.Kf2  1-0

[Event "Chigorin Mem Open"]
[Site "St Petersburg RUS"]
[Date "2001.10.03"]
[Round "9"]
[White "Korotylev,A"]
[Black "Sidorov,A"]
[Result "1-0"]
[WhiteElo "2577"]
[BlackElo "2376"]

1.d4 d5 2.c4 c6 3.Nc3 Nf6 4.Nf3 a6 5.c5 Nbd7 6.Bf4 Nh5 7.e3 Nxf4 8.exf4 g6
9.Bd3 Bh6 10.g3 Nf8 11.Ne5 Bg7 12.h3 Nd7 13.Kf1 e6 14.Kg2 f6 15.Nf3 O-O 16.h4 e5
17.f5 e4 18.Bxe4 dxe4 19.Qb3+ Rf7 20.Nxe4 Nb6 21.fxg6 hxg6 22.cxb6 Bg4 23.Rae1 Bf8
24.Nc5 Kg7 25.Ne6+ Bxe6 26.Rxe6 Qd5 27.Qxd5 cxd5 28.h5 gxh5 29.Rxh5 Rd7 30.Nh4 Rc8
31.Nf5+ Kf7 32.Re2 Kg6 33.g4 Rc6 34.Re8 Kf7 35.Rb8 Kg8 36.Rh6  1-0

[Event "TCh-BUL"]
[Site "Pamporovo BUL"]
[Date "2001.10.04"]
[Round "2"]
[White "Bratanov,Z"]
[Black "Bozov,A"]
[Result "1-0"]
[WhiteElo "2422"]
[BlackElo "2105"]

1.d4 d5 2.c4 c6 3.Nf3 Nf6 4.Nc3 a6 5.c5 Bg4 6.Ne5 Bf5 7.Qb3 Ra7 8.f3 e6 9.g4 Bg6
10.h4 h6 11.Nxg6 fxg6 12.Qc2 Kf7 13.e3 Ng8 14.Bd3 Ne7 15.Ne2 e5 16.dxe5 Nd7
17.f4 Qa5+ 18.Bd2 Qxc5 19.Qb1 Qb6 20.Nd4 Nc5 21.e6+ Ke8 22.Bxg6+ Kd8 23.Bc2 a5
24.b4 axb4 25.Qxb4 Qxb4 26.Bxb4 Ne4 27.O-O c5 28.Bxe4 cxb4 29.Rfd1 Kc7 30.Bf3 Kb6
31.Nc2 Ra4 32.Rab1 Kc5 33.Rd4 Nc6 34.Rxd5+ Kc4 35.Rd7 Kc3 36.Rb3+ Kc4 37.Rbd3 Rxa2
38.Ne1 Ra1 39.Bd5+ Kc5 40.Kf2 Be7 41.Nf3 Re8 42.Nd2 Ra3 43.Nb3+ Kb6 44.g5 hxg5
45.hxg5 Ra7  1-0

[Event "FSIMA October"]
[Site "Budapest HUN"]
[Date "2001.10.09"]
[Round "4"]
[White "Mensch,E"]
[Black "Seres,L"]
[Result "0-1"]
[WhiteElo "2299"]
[BlackElo "2474"]

1.d4 d5 2.c4 c6 3.Nf3 Nf6 4.Nc3 a6 5.c5 Nbd7 6.Bf4 Nh5 7.e3 f6 8.Bd3 e5 9.dxe5 Nxf4
10.exf4 Nxc5 11.Bc2 f5 12.O-O Be7 13.Nd4 O-O 14.Kh1 g6 15.a3 Ne6 16.Nxe6 Bxe6
17.b4 a5 18.Qd4 b6 19.Na4 axb4 20.axb4 Rb8 21.Rfc1 Qc7 22.Bb3 Qb7 23.Rab1 Rfc8
24.h3 Kf8 25.Bd1 Qa7 26.Kh2 Kf7 27.Ra1 Qc7 28.Rab1 Qd8 29.Ra1 Kg8 30.g3 Qf8
31.Rab1 c5 32.bxc5 bxc5 33.Qd2 c4 34.Bf3 Qd8 35.Qd4 Qa5 36.Nb6 Rd8 37.Bxd5 Bxd5
38.Nxd5 Rxb1 39.Nxe7+ Kf8 40.Qxc4 Rxc1 41.Qe6 Qc7 42.Qf6+ Ke8 43.Ng8 Qf7
44.Qh8 Kd7 45.e6+ Qxe6 46.Qg7+ Kc6 47.Ne7+ Kd6  0-1

[Event "FSIMA October"]
[Site "Budapest HUN"]
[Date "2001.10.11"]
[Round "6"]
[White "Gonda,L"]
[Black "Seres,L"]
[Result "1-0"]
[WhiteElo "2309"]
[BlackElo "2474"]

1.d4 d5 2.Nf3 Nf6 3.c4 c6 4.Nc3 a6 5.cxd5 cxd5 6.Bg5 Ne4 7.Bh4 Nxc3 8.bxc3 Nc6
9.e3 g6 10.Be2 Bg7 11.O-O O-O 12.c4 dxc4 13.Bxc4 b5 14.Bb3 Bb7 15.Qe2 Qb6
16.Rac1 e6 17.Bg3 Rac8 18.h3 Rfd8 19.Rfd1 Na5 20.Ne5 Nxb3 21.axb3 Bd5 22.b4 Qb7
23.f3 Bf8 24.Ng4 Bxb4 25.Nf6+ Kf8 26.Qf2 Be7 27.Be5 h5 28.Qg3 Rxc1 29.Rxc1 Rc8
30.Rxc8+ Qxc8 31.Qf4 Bxf6 32.Bxf6 a5 33.e4 Bc4 34.d5 exd5 35.exd5 a4 36.d6 Be6
37.d7 Qc5+ 38.Bd4 Qd5 39.Qb8+  1-0

[Event "ULIM Cup"]
[Site "Kishnev MDA"]
[Date "2001.10.11"]
[Round "5"]
[White "Itkis,B"]
[Black "Solcanean,S"]
[Result "1-0"]
[WhiteElo "2472"]
[BlackElo "2236"]

1.Nf3 Nf6 2.d4 d5 3.c4 c6 4.Nc3 a6 5.a4 e6 6.g3 a5 7.Bg2 Be7 8.O-O O-O 9.Bf4 Na6
10.Ne5 Nb4 11.e4 h6 12.h3 b6 13.Re1 Ba6 14.b3 Rc8 15.Rc1 Re8 16.exd5 exd5
17.h4 Bb7 18.Bh3 Ra8 19.cxd5 Nbxd5 20.Nxd5 Nxd5 21.Nxf7  1-0

[Event "4th Golden Autumn"]
[Site "Alushta UKR"]
[Date "2001.10.20"]
[Round "?"]
[White "Itkis,B"]
[Black "Chuprikov,D"]
[Result "1/2-1/2"]
[WhiteElo "2472"]
[BlackElo "2420"]

1.d4 d5 2.Nf3 c6 3.c4 Nf6 4.Nc3 a6 5.e3 b5 6.cxd5 cxd5 7.Bd3 e6 8.O-O Nbd7
9.Bd2 Bd6 10.b4 Bxb4 11.Nxb5 Be7 12.Nc3 O-O 13.Rb1 Bd6 14.Qc2 h6 15.Na4 Qe7
16.Bc3 e5 17.dxe5 Nxe5 18.Nxe5 Bxe5 19.Bxe5 Qxe5 20.Rfc1 Ng4 21.Qc7 Qf6 22.Qf4 Qxf4
23.exf4 Nf6 24.Nb6 Rb8 25.Nxd5 Be6 26.Nxf6+ gxf6 27.a4 Rxb1 28.Rxb1 a5 29.Kf1 Rd8
30.Bc4 Rd4 31.Rb8+ Kg7 32.Bb5 Bb3 33.Ra8  1/2-1/2

[Event "October Training"]
[Site "Singapore SIN"]
[Date "2001.10.24"]
[Round "6"]
[White "Koh Kum Hong"]
[Black "Ong,A"]
[Result "1-0"]
[WhiteElo "2258"]
[BlackElo "2251"]

1.d4 d5 2.Nf3 Nf6 3.c4 c6 4.Nc3 a6 5.cxd5 cxd5 6.Bf4 Nc6 7.Rc1 e6 8.e3 Be7
9.Bd3 O-O 10.O-O Nh5 11.Be5 Nxe5 12.dxe5 g6 13.Qb3 b5 14.Ne2 Bd7 15.e4 dxe4
16.Bxe4 Rc8 17.Qe3 Rxc1 18.Rxc1 Qb8 19.Ned4 Rc8 20.Bc6 Qc7 21.g4 Ng7 22.Rc2 Bxc6
23.Nxc6 Kh8 24.Qh6 Qxc6 25.Rxc6 Rxc6 26.Ng5 Bxg5 27.Qxg5 h5 28.h3 Rc2 29.Qd8+ Kh7
30.Qd4 hxg4 31.hxg4 Rc4 32.Qd1 Re4 33.Qf3 Rxe5 34.Qxf7 Re4 35.Qf3 Ra4 36.a3 Rd4
37.Kf1 Rd5 38.Qe3 a5 39.b3 g5 40.Qb6 Kg6 41.Qxa5 Ne8 42.Qb6 Kf6 43.a4 bxa4
44.bxa4 Nd6 45.Qd8+ Kg6 46.a5 Nb5 47.Qb6 Kf6 48.a6 Ke5 49.Qe3+ Kf6 50.a7 Nxa7
51.Qxa7 Rd6 52.Ke2 Rd5 53.Ke3 Re5+ 54.Kf3 Rd5 55.Qc7 Rd3+ 56.Ke4 Rd5 57.Qc3+ Kg6
58.Qh8 Kf7 59.Qh7+ Kf6 60.Qh6+ Kf7 61.f4 gxf4 62.g5  1-0

[Event "October Training"]
[Site "Singapore SIN"]
[Date "2001.10.27"]
[Round "7"]
[White "Teo Kok Siong"]
[Black "Chia,A"]
[Result "1/2-1/2"]
[WhiteElo "2313"]
[BlackElo "2284"]

1.d4 d5 2.c4 c6 3.Nf3 Nf6 4.Nc3 a6 5.c5 Bf5 6.Bf4 Nbd7 7.e3 h6 8.h3 b5 9.cxb6 Qxb6
10.Bd3 Qxb2 11.O-O Qxc3 12.Bxf5 e6 13.Rc1 Qa5 14.Bb1 c5 15.dxc5 Bxc5 16.Ne5 Rc8
17.Nxd7 Kxd7 18.e4 Ba3 19.Rxc8 Rxc8 20.exd5 Nxd5 21.Qd4 Bf8 22.Rd1 Qc5 23.Qa4+ Qb5
24.Qe4 Rc4 25.Qf3 Qa4 26.Be5 Ke8 27.Bd3 Rc5 28.Rb1 Qc6 29.Rb8+ Ke7 30.Bb2 Qc7
31.Ra8 Qb7 32.Rxf8 Kxf8 33.Ba3 Qc8 34.Bxc5+ Qxc5 35.Bxa6 Qa5 36.Bc4  1/2-1/2

[Event "WYG16"]
[Site "Oropesa del Mar ESP"]
[Date "2001.10.28"]
[Round "7"]
[White "Kursova,M"]
[Black "Dzagnidze,N"]
[Result "0-1"]
[WhiteElo "2203"]
[BlackElo "2372"]

1.d4 d5 2.Nf3 Nf6 3.c4 c6 4.Nc3 a6 5.a4 g6 6.Bf4 Bg7 7.e3 O-O 8.cxd5 cxd5
9.h3 Nc6 10.Be2 Qb6 11.Ra3 Na5 12.Ra2 Be6 13.O-O Ne4 14.Nb1 Rac8 15.Ne5 Rfd8
16.Nd3 Nc4 17.b4 Bf5 18.Qe1 Qa7 19.f3 Ned6 20.Kh2 Re8 21.Nc3 Bxd3 22.Bxd3 e5
23.Bg5 Nxe3 24.Bxe3 exd4 25.Nxd5 dxe3 26.Qh4 Qd4 27.Qxd4 Bxd4 28.f4 Ne4 29.b5 a5
30.Be2 Rc5  0-1

[Event "Chigorin Mem Open"]
[Site "St Petersburg RUS"]
[Date "2001.10.28"]
[Round "3"]
[White "Bocharov,D"]
[Black "Burmakin,V"]
[Result "1-0"]
[WhiteElo "2425"]
[BlackElo "2586"]

1.d4 d5 2.c4 c6 3.Nf3 Nf6 4.Nc3 a6 5.cxd5 cxd5 6.Bg5 Ne4 7.h4 Nc6 8.Qb3 Nxc3
9.bxc3 Na5 10.Qc2 Qc7 11.Bd2 Nc4 12.e3 e6 13.h5 Bd7 14.Bd3 Rc8 15.Bc1 Qa5
16.O-O Ba4 17.Qe2 Qxc3 18.Rb1 Rc7 19.e4 dxe4 20.Bxe4 Nd6 21.Bd2 Qc4 22.Bd3 Qd5
23.Ne5 Be7 24.Qg4 O-O 25.h6 g6 26.Rfc1 Rxc1+ 27.Rxc1 Nf5 28.Rc7 Bd6 29.Bxf5 Bxc7
30.Nxg6 hxg6 31.Bxg6 Kh8 32.Bh7 Be5 33.dxe5 Qxe5 34.Bd3 Bc6 35.Qb4 Qa1+ 36.Bf1 Kg8
37.h7+ Kxh7 38.Qxf8 Bb5 39.Qh6+ Kg8 40.Qg5+  1-0

[Event "Chigorin Mem Open"]
[Site "St Petersburg RUS"]
[Date "2001.10.30"]
[Round "5"]
[White "Eljanov,P"]
[Black "Sidorov,A"]
[Result "1/2-1/2"]
[WhiteElo "2522"]
[BlackElo "2376"]

1.d4 d5 2.c4 c6 3.Nf3 Nf6 4.Nc3 a6 5.e3 b5 6.cxd5 cxd5 7.Bd3 e6 8.O-O Be7
9.a4 b4 10.Ne2 Nc6 11.Ne5 Na5 12.Ng3 O-O 13.f4 g6 14.h4 Ra7 15.h5 Bd6 16.Bd2 Rc7
17.b3 Bb7 18.hxg6 fxg6 19.Qb1 Qe7 20.Ra2 Rfc8 21.Rb2 Nc6 22.Nxc6 Rxc6 23.a5 R6c7
24.Qd1 Kg7 25.Qe2 Ra8 26.Rbb1 Qd8 27.Ra1 Qe7 28.Rfd1 h5 29.Qe1 Rb8 30.Qe2 Ra8
31.Be1 Rcc8 32.Ra2 Rh8 33.Nf1 Ne4 34.Bxe4 dxe4 35.Nd2 g5 36.fxg5 Qxg5 37.Nc4 Bc7
38.Bxb4 Qg3 39.Ne5 Bd5 40.Rc2 Bxe5 41.dxe5 Rac8 42.Rdc1 Rxc2 43.Rxc2 Kh6
44.Qf1 Qg5 45.Rc7 Qf5 46.Qxa6 Rg8 47.Qe2 Bxb3 48.a6 Bd5 49.a7 Qf3 50.Qf2 Qxf2+
51.Kxf2 Kg6 52.Bd6 Rg7 53.Be7 Kf5 54.Kg1 Rf7 55.Kh2 Kg4 56.Rd7 Bc6 57.Rd6 Rxe7
58.Rxc6 Rxa7 59.Rxe6 Kf5 60.Rh6 Kg5 61.Rh8 Re7 62.Rg8+ Kf5 63.Kg3 Rxe5 64.Kh4 Kf6
65.g3 Ra5 66.Re8 Kg6 67.Rxe4 Ra2 68.Kh3 Re2 69.Re7 Kf6 70.Re8 Kf7 71.Re4 Kg6  1/2-1/2

[Event "Chigorin Mem Open"]
[Site "St Petersburg RUS"]
[Date "2001.10.31"]
[Round "6"]
[White "Belov,Vl"]
[Black "Kobalija,M"]
[Result "1/2-1/2"]
[WhiteElo "2458"]
[BlackElo "2603"]

1.d4 d5 2.c4 c6 3.Nc3 Nf6 4.Nf3 a6 5.c5 Nbd7 6.Bf4 Nh5 7.e3 b6 8.cxb6 Nxf4
9.exf4 Qxb6 10.Qd2 e6 11.Rc1 Rb8 12.Na4 Qb4 13.Qxb4 Rxb4 14.b3 Bb7 15.Nb2 Rb6
16.Na4 Rb4 17.Nb2 f6 18.Kd2 Kf7 19.g3 a5 20.Bh3 Bd6 21.Nd3 Rb5 22.Rhe1 Re8
23.Bf1 Ba3 24.Re2 Rb6 25.Kd1 Re7 26.Nb2 Bxb2 27.Rxb2 c5 28.Rbc2 c4 29.bxc4 dxc4
30.Nd2 Rd6 31.Nxc4 Rxd4+ 32.Rd2 Bf3+ 33.Kc2 Rxd2+ 34.Kxd2 Nc5 35.Rb1 Bd5
36.Nd6+ Kg6 37.Rb5 Rd7 38.Rxc5 Rxd6 39.Rxa5 Bc4+ 40.Ke1 Bxf1 41.Kxf1 Rd2
42.Ra7 e5 43.fxe5 fxe5 44.a4 Ra2 45.h4 h5 46.a5 Kf6 47.a6 e4 48.Ra8 g6 49.a7 Kg7
50.Ke1 Ra5 51.Kd2 Ra3 52.Kc2 Ra5 53.Kc3 Ra1 54.Kd4 Ra4+ 55.Ke3 Kh7 56.Kf4 e3+
57.Kxe3 Kg7 58.f3 Ra3+ 59.Kd4 Ra4+ 60.Ke5 Ra3 61.Kf4 Ra4+ 62.Ke3 Ra3+ 63.Kf2 Ra2+
64.Kf1 Ra1+ 65.Kg2 Ra2+ 66.Kh3 Ra4 67.f4 Ra3 68.Kg2 Ra2+ 69.Kf3 Ra3+ 70.Ke4 Ra4+
71.Ke5 Ra5+ 72.Ke6 Ra6+ 73.Ke7 Ra1 74.Kd6 Ra6+ 75.Kc5 Ra1 76.Kc4 Ra4+ 77.Kd3 Ra3+
78.Kc2 Ra2+ 79.Kb3 Ra6 80.f5 gxf5 81.Kc4 Ra1 82.Kd5 Ra2 83.Ke5 Ra4 84.Kxf5 Ra5+
85.Ke6 Ra6+  1/2-1/2

[Event "EuTChw"]
[Site "Leon ESP"]
[Date "2001.11.08"]
[Round "3"]
[White "Radziewicz,I"]
[Black "Houska,Jo"]
[Result "1/2-1/2"]
[WhiteElo "2387"]
[BlackElo "2384"]

1.d4 d5 2.c4 c6 3.Nf3 Nf6 4.Nc3 a6 5.Bg5 Ne4 6.h4 h6 7.Bf4 Nxc3 8.bxc3 Bf5
9.a4 dxc4 10.a5 e6 11.Nd2 Be7 12.e4 Bh7 13.Qb1 Nd7 14.Nxc4 O-O 15.Bd3 c5
16.Rh3 cxd4 17.cxd4 Bxh4 18.Bd6 Be7 19.e5 Bxd3 20.Qxd3 Rc8 21.Kf1 Rc6 22.Kg1 b5
23.axb6 Bxd6 24.Nxd6 Nxb6 25.Rxa6 Rc1+ 26.Kh2  1/2-1/2

[Event "TCh-CZE 2001-2"]
[Site "CZE"]
[Date "2001.11.18"]
[Round "3"]
[White "Jurka,M"]
[Black "Velicka,P"]
[Result "1/2-1/2"]
[WhiteElo "2365"]
[BlackElo "2445"]

1.Nf3 d5 2.d4 Nf6 3.c4 c6 4.Nc3 a6 5.Ne5 Nbd7 6.Bf4 dxc4 7.Nxc4 b5 8.Ne5 Bb7
9.e3 e6 10.Be2 c5 11.O-O cxd4 12.exd4 Bb4 13.a4 Bxc3 14.bxc3 Nd5 15.Bd2 Nxe5
16.dxe5 O-O 17.axb5 axb5 18.Qb3 Nc7 19.Be3 Qd5 20.Qxd5 Nxd5 21.Bd2 Bc6 22.Rfb1 Nb6
23.h3 Nc4 24.Bxc4 bxc4  1/2-1/2

[Event "ch-ESP Gp B"]
[Site "Cala Mendia, Mallorca ESP"]
[Date "2001.11.20"]
[Round "4"]
[White "Lopez Martinez,J"]
[Black "Garcia Ilundain,D"]
[Result "1-0"]
[WhiteElo "2474"]
[BlackElo "2467"]

1.Nf3 Nf6 2.c4 c6 3.d4 d5 4.Nc3 a6 5.c5 Bf5 6.Qb3 Qc8 7.h3 h6 8.Bf4 Nbd7
9.e3 e6 10.Be2 Be7 11.O-O g5 12.Bh2 Rg8 13.Ne5 h5 14.Nxd7 Nxd7 15.Bxh5 g4
16.hxg4 Bxg4 17.Bxg4 Rxg4 18.Qd1 f5 19.f3 Rg7 20.e4 Kf7 21.exf5 e5 22.b4 e4
23.fxe4 Qh8 24.e5 Rag8 25.Qf3 Rxg2+ 26.Qxg2 Rxg2+ 27.Kxg2 Ke8 28.f6 Bf8 29.Ne2 Qh4
30.Nf4 Bh6 31.Rf2 Nf8 32.Bg3 Qg4 33.Re1 Bxf4 34.Rxf4 Qe6 35.f7+ Kd7 36.Rf6  1-0

[Event "ch-GER"]
[Site "Altenkirchen GER"]
[Date "2001.12.05"]
[Round "6"]
[White "Knuth,H"]
[Black "Von Herman,U"]
[Result "1/2-1/2"]
[WhiteElo "2313"]
[BlackElo "2395"]

1.d4 d5 2.c4 c6 3.Nc3 Nf6 4.Nf3 a6 5.e3 b5 6.b3 Bg4 7.a4 Bxf3 8.Qxf3 bxc4
9.bxc4 e5 10.dxe5 Bb4 11.Bd2 Bxc3 12.Bxc3 Ne4 13.Rc1 Nxc3 14.Rxc3 Qa5 15.Kd2 Nd7
16.Bd3 dxc4 17.Bxc4 Nxe5 18.Qf4 O-O 19.Rc1 Rab8 20.Ke2 Rb4 21.Qe4 Rxa4 22.f4 Nxc4
23.Rxc4 Qh5+ 24.Kf1 Rxc4 25.Rxc4 Qxh2 26.Rxc6 Qh1+ 27.Kf2 Qh4+ 28.Kf1 a5
29.Ra6 Rc8 30.Rc6 Rd8 31.Qc2 Qg4 32.Kf2 h5 33.Rc5 f6 34.Qa2+ Kh7 35.Qxa5 Qh4+  1/2-1/2

[Event "Friendship IM"]
[Site "Prerove CZE"]
[Date "2001.12.05"]
[Round "2"]
[White "Pataki,G"]
[Black "Novosak,J"]
[Result "1-0"]
[WhiteElo "2344"]
[BlackElo "2296"]

1.d4 d5 2.c4 c6 3.Nc3 Nf6 4.Nf3 a6 5.c5 Nbd7 6.Bf4 Nh5 7.e3 g6 8.Bd3 Bg7
9.h4 Nxf4 10.exf4 b6 11.cxb6 Qxb6 12.Na4 Qa7 13.Bc2 c5 14.dxc5 Bb7 15.Rc1 O-O
16.O-O Rac8 17.b4 a5 18.a3 axb4 19.axb4 Bc6 20.Rb1 Bb5 21.Re1 Ra8 22.Rxe7 Bf6
23.Rxd7 Bxd7 24.Nb6 Rad8 25.Ne5 Bxe5 26.fxe5 Bb5 27.Ra1 Qe7 28.Qd4 Qe6 29.Bb3 Bc4
30.Ba4 f6 31.exf6 Qxf6 32.Qxf6 Rxf6 33.c6 Rf7 34.b5 Rb8 35.Nxc4 dxc4 36.Rc1 Kf8
37.Rxc4 Rc7 38.h5 gxh5 39.Rc5 Ke7 40.Bb3 h4 41.Re5+ Kd6 42.Rd5+ Ke7 43.Bc4 Ra8
44.Kh2 Rf8 45.f3 Rf4 46.Bd3 Kf8 47.Be4 Ke7 48.Rh5 Kd6 49.b6 Rg7 50.Rd5+ Ke6
51.c7 Rf8 52.Rd8 Rgg8 53.Rxf8 Rxf8 54.b7  1-0

[Event "TSGM December"]
[Site "Belgrade YUG"]
[Date "2001.12.15"]
[Round "1"]
[White "Zivanic,M"]
[Black "Popchev,M"]
[Result "1/2-1/2"]
[WhiteElo "2411"]
[BlackElo "2452"]

1.d4 d5 2.Nf3 Nf6 3.c4 c6 4.Nc3 a6 5.cxd5 cxd5 6.Bf4 e6 7.e3 b5 8.Bd3 Nbd7
9.O-O Be7 10.Rc1 O-O 11.Qe2  1/2-1/2

[Event "109th ch-NZL"]
[Site "Christchurch NZL"]
[Date "2001.12.31"]
[Round "4"]
[White "Wastney,S"]
[Black "Dive,RJ"]
[Result "0-1"]
[WhiteElo "2281"]
[BlackElo "2405"]

1.Nf3 d5 2.d4 Nf6 3.c4 c6 4.Nc3 a6 5.c5 b6 6.b4 a5 7.Qa4 Ne4 8.Bb2 b5 9.Qc2 Bf5
10.Nh4 axb4 11.Nxf5 bxc3 12.Bxc3 g6 13.Ng3 Nxc3 14.Qxc3 Bg7 15.e3 Nd7 16.Bd3 e5
17.O-O exd4 18.exd4 O-O 19.Bc2 Qa5 20.Qxa5 Rxa5 21.Rfd1 Rfa8 22.Bb3 Nf8 23.Rac1 Ne6
24.Ne2 b4 25.Rc2 Nc7 26.Kf1 Nb5 27.Rcd2 h5 28.h4 Re8 29.g3 Ra7 30.Ng1 Nc3
31.Re1 Rea8 32.Ra1 Ra3 33.Re1 Kf8 34.Ne2 Bh6 35.f4 Nxa2 36.Bxa2 Rxa2 37.Rxa2 Rxa2
38.Rb1 Ra4 39.Kf2 Ke7 40.Rb3 Bg7 41.Ke3 Ra3 42.Nc1 Ke6 43.Rd3 Kf5 44.Kd2 Ke4
45.Rb3 Rxb3 46.Nxb3 Bxd4  0-1

[Event "XXVII Open"]
[Site "Seville ESP"]
[Date "2002.01.15"]
[Round "5"]
[White "Pogorelov,R"]
[Black "Rustemov,A"]
[Result "1/2-1/2"]
[WhiteElo "2460"]
[BlackElo "2607"]

1.d4 d5 2.c4 c6 3.Nf3 Nf6 4.Nc3 a6 5.cxd5 cxd5 6.Ne5 e6 7.Bf4 Be7 8.e3 O-O
9.Bd3 b5 10.O-O Bb7 11.a4 b4 12.Na2 Nc6 13.Nc1 Na5 14.Nb3 Nxb3 15.Qxb3 Qa5
16.Rfc1 Rfc8 17.Qd1 h6 18.h3 Qd8 19.Rxc8 Rxc8 20.Rc1 Ne4 21.Rxc8 Qxc8 22.Qc2 Qxc2
23.Bxc2 g5 24.Bh2 a5 25.f3 Nd6 26.b3 Kf8 27.Nd7+ Ke8 28.Nc5 Bc6 29.g4 Nb7
30.Nxb7 Bxb7 31.Bd3 Bc6 32.Bc7 Bd8 33.Bd6 Be7 34.Bc7 Bd8 35.Bd6  1/2-1/2

[Event "Corus B"]
[Site "Wijk aan Zee NED"]
[Date "2002.01.15"]
[Round "1"]
[White "Werle,J"]
[Black "Sokolov,I"]
[Result "0-1"]
[WhiteElo "2481"]
[BlackElo "2659"]

1.Nf3 d5 2.d4 Nf6 3.c4 c6 4.Nc3 a6 5.e3 b5 6.cxd5 cxd5 7.Ne5 e6 8.Bd3 Nbd7
9.O-O Bb7 10.f4 Be7 11.Qf3 O-O 12.g4 b4 13.Ne2 Ne4 14.Ng3 Nxe5 15.dxe5 Nc5
16.Bb1 d4 17.e4 Bh4 18.f5 Bxg3 19.hxg3 d3 20.Be3 Nxe4 21.fxe6 f6 22.e7 Qxe7
23.Bxd3 Nd2 24.Qf5 g6 25.Qf4 fxe5 26.Bc4+ Kh8  0-1

[Event "Corus B"]
[Site "Wijk aan Zee NED"]
[Date "2002.01.17"]
[Round "3"]
[White "Werle,J"]
[Black "Cuijpers,F"]
[Result "1-0"]
[WhiteElo "2481"]
[BlackElo "2458"]

1.Nf3 d5 2.d4 Nf6 3.c4 c6 4.Nc3 a6 5.e3 b5 6.cxd5 cxd5 7.Bd3 e6 8.O-O Bb7
9.b3 Nbd7 10.Bb2 Be7 11.Ne5 O-O 12.Ne2 Rc8 13.Ng3 Ne4 14.Nh5 g6 15.Nf4 Bf6
16.Qg4 Nxe5 17.dxe5 Bg7 18.h4 Nc5 19.h5 Rc6 20.Rac1 Qc7 21.hxg6 hxg6 22.Bb1 Re8
23.Ba3 Ne4 24.Rxc6 Bxc6 25.Bxe4 dxe4 26.Bd6 Qa5 27.g3 Qc3 28.Qg5 Rc8 29.Kg2 Be8
30.Rh1 f6 31.Qh4 g5 32.Qh7+ Kf7 33.Nh5  1-0

[Event "18th Open"]
[Site "Skopje MKD"]
[Date "2002.01.22"]
[Round "8"]
[White "Rogozenko,D"]
[Black "Kutirov,R"]
[Result "1-0"]
[WhiteElo "2530"]
[BlackElo "2367"]

1.d4 d5 2.c4 c6 3.Nf3 Nf6 4.Nc3 a6 5.c5 Bf5 6.Bf4 Nbd7 7.e3 Nh5 8.Be5 Nxe5
9.Nxe5 Nf6 10.g4 Be6 11.f4 g6 12.Bd3 Bg7 13.f5 Bc8 14.Qf3 O-O 15.O-O Nd7
16.Nxd7 Bxd7 17.Na4 e5 18.dxe5 Bxe5 19.Nb6 Qh4 20.Rf2 Rad8 21.Raf1 Qh6 22.b4 Kh8
23.Rg2 Bc8 24.Rff2 Qg5 25.Qh3 Rde8 26.Rf3 Kg7 27.Rgf2 f6 28.Qg2 Re7 29.h4 Qxh4
30.Nxc8 Rxc8 31.g5 Rf8 32.fxg6 Kh8 33.a3 Ree8 34.g7+ Kxg7 35.gxf6+  1-0

[Event "Unilog-Integrata IM"]
[Site "Griesheim GER"]
[Date "2002.01.27"]
[Round "5"]
[White "Wornath,K"]
[Black "Jirka,J"]
[Result "1-0"]
[WhiteElo "2375"]
[BlackElo "2339"]

1.d4 d5 2.c4 c6 3.Nf3 Nf6 4.Nc3 a6 5.e3 b5 6.cxd5 cxd5 7.Bd3 Bg4 8.h3 Bh5
9.a4 b4 10.Nb1 e6 11.Nbd2 Bd6 12.b3 O-O 13.Bb2 Bg6 14.Qe2 Bxd3 15.Qxd3 Nc6
16.Rc1 Qd7 17.Ne5 Bxe5 18.dxe5 Ne8 19.O-O f6 20.Nf3 fxe5 21.Nxe5 Nxe5 22.Bxe5 Nd6
23.Rc2 Nf7 24.Bg3 Rfc8 25.Rfc1 Rxc2 26.Qxc2 e5 27.Qc5 Qb7 28.Qc7 Qxc7 29.Rxc7 Rd8
30.Kf1 d4 31.exd4 exd4 32.Ke2 d3+ 33.Kd2 Ng5 34.Rc4 Ne6 35.Rxb4 Nc5 36.f3 Rd5
37.Bf2 Ne6 38.Be3  1-0

[Event "7th HIT Open"]
[Site "Nova Gorica SLO"]
[Date "2002.02.04"]
[Round "5"]
[White "Mikhalchishin,A"]
[Black "Olarasu,G"]
[Result "1/2-1/2"]
[WhiteElo "2542"]
[BlackElo "2293"]

1.Nf3 d5 2.d4 Nf6 3.c4 c6 4.Nc3 a6 5.a4 e6 6.Bg5 Nbd7 7.e3 Qa5 8.Nd2 Bb4
9.Qc2 dxc4 10.Bxf6 Nxf6 11.Nxc4 Qc7 12.Bd3 a5 13.O-O O-O 14.Rac1 h6 15.e4 Rd8
16.e5 Nd5 17.Ne4 Nf4 18.g3 Nxd3 19.Qxd3 b6 20.Rfd1 Ba6 21.Qf3 Bxc4 22.Rxc4 Rac8
23.g4 Be7 24.Rdc1 Qd7 25.Qe2 Bb4 26.g5 hxg5 27.Nxg5 b5 28.axb5 cxb5 29.Rxc8 Rxc8
30.Rxc8+ Qxc8 31.Qh5 Qc1+ 32.Kg2 Qf4 33.Qh7+ Kf8 34.Qh8+ Ke7 35.Qxg7 Qg4+  1/2-1/2

[Event "P&V Masters"]
[Site "Cannes FRA"]
[Date "2002.02.05"]
[Round "3"]
[White "Forestier,F"]
[Black "Gozzoli,Y"]
[Result "1/2-1/2"]
[WhiteElo "2195"]
[BlackElo "2337"]

1.c4 Nf6 2.Nf3 c6 3.Nc3 d5 4.d4 a6 5.c5 Nbd7 6.Bf4 Nh5 7.e3 Nxf4 8.exf4 g6
9.Be2 Bg7 10.O-O O-O 11.Bd3 e6 12.Qc2 f6 13.Rae1 Re8 14.Re2 Nf8 15.Rfe1 Bd7
16.Na4 Qc7 17.Nb6 Rad8 18.Qd2 Re7 19.Nxd7 Qxd7 20.Re3 Rde8 21.Bf1 Rd8 22.Qd3 Qe8
23.g3 Qf7 24.Bh3 Rde8 25.Qe2 h6 26.b4 g5 27.Kh1 Qh5 28.g4 Qf7 29.f5 e5  1/2-1/2